LEADER 01496nam a2200325 a 4500 001 000000128090 003 CaOOAMICUS 005 20120316144234.0 008 120316s2011 it d u000 u ita r 040 $aPUL$bita 082 04$a657 100 1 $aSiciliano, Enrico.$0(OLS)http://pul/name/81803 245 10$aTrasformazione e liquidazione di societą /$cdi Enrico Siciliano. 260 $aMilano :$bIl Sole 24 ore,$c2011. 300 $a167 p. :$bgrafici ;$c24 cm. 490 1 $aBiblioteca del Sapere del Sole 24 Ore 490 1 $aContabilitą facile : bilancio, principi contabili, reddito d'impresa ;$v14 500 $aSulla cop.: Sistema Frizzera, Norme e tributi. 504 $aInclude riferimenti bibliografici ed indice. 650 4$aContabilitą.$0(OLS)http://pul/subject/34457 650 4$aDiritto societario.$0(OLS)http://pul/subject/29527 830 0$aBiblioteca del Sapere del Sole 24 Ore.$0(OLS)http://pul/title/137968 830 0$aContabilitą facile : bilancio, principi contabili, reddito d'impresa ;$v14.$0(OLS)http://pul/title/161849 850 $aPUL 852 $aPUL$W1$xDP2 Cons. Gen., Altre Classi 3$y97$m657 COLL 1.14$j148254$qDDC 21$B146856$CPULBib$Z2$F146856 $H119128 $82 941 1 $a9 996 $6082$a657$9(OLS)http://pul/classification/745 996 $6245$aTrasformazione e liquidazione di societą$9(OLS)http://pul/title/161859 996 $6260$aMilano :$bIl Sole 24 ore$9(OLS)http://pul/publisher/69212 LEADER 01344nam a2200313 u 4500 001 000000057810 003 CaOOAMICUS 005 20070226120625.0 008 010517s1997 it u000 u ita u 020 $a8826311218 035 $a10889216 040 $aPUL(R)$bita 245 00$aElezione - Vocazione - Predestinazione /$channo collaborato: Gabriele Boccaccini ... [et al.]. 260 $aRoma :$bBorla,$cc1997. 300 $a367 p. ;$c21 cm 490 1 $aDizionario di spiritualitą biblico-patristica ;$v15 504 $aBibliografia: p. 367-368. 650 4$aPadri della Chiesa.$0(OLS)http://pul/subject/533 650 4$aPredestinazione.$0(OLS)http://pul/subject/5644 650 4$aLibero arbitrio e determinismo.$0(OLS)http://pul/subject/10589 700 1 $aBoccaccini, Gabriele.$0(OLS)http://pul/name/70 830 0$aDizionario di spiritualitą biblico-patristica ;$v15.$0(OLS)http://pul/title/65660 850 $aPUL 852 $aPUL$W1$xSL Cons. Gen., Altre Classi 1$y1$m2016.E$j75399$nBK-PRI$b $qStampati$B75539$CPULBib$Z2$F75539 $H $81 941 1 $a8 961 $aINV: 76619 996 $6020$a8826311218$9(OLS)http://pul/number/73118 996 $6245$aElezione - Vocazione - Predestinazione$9(OLS)http://pul/title/77394 996 $6260$aRoma :$bBorla$9(OLS)http://pul/publisher/48061